JaycoRLs top 20 nba players of all time - Statistics

General Stats
  • This quiz has been taken 7 times
  • The average score is 9 of 20
Answer Stats
Hint Answer % Correct
1 Lebron James
100%
2 Michael Jordan
100%
4 Magic Johnson
86%
5 Shaquille Oneal
71%
3 Kareem Abdul Jabar
57%
7 Larry Bird
57%
9 Stephen Curry
57%
6 Tim Duncan
57%
14 Hakeem Olajuwon
43%
8 Kobe Bryant
43%
11 Wilt Chamberlain
43%
10 Bill Russell
29%
17 Julius Erving
29%
18 Karl Malone
29%
12 Kevin Durant
29%
13 Oscar Robertson
29%
20 Charles Barkley
14%
16 Dirk Nowitzki
14%
15 Jerry West
14%
19 Kevin Garnett
14%
No matching quizzes found
Score Distribution
Percent of People with Each Score
Percentile by Number Answered
Your Score History
You have not taken this quiz